000 00476nam a2200169Ia 4500
005 20250508151739.0
008 008 250505s9999 xx 000 0 eng d
037 _aTextual
040 _aFEDL
_beng
_cFEDL
041 _aeng
_2eng
084 _a420.7, NCE
_qFEDL
245 0 _aTeacing of english to beginners: A report
260 _aDelhi, India
_bCentral Institute of Education
300 _a25p.
942 _cTEXL
_h420.7, NCE
999 _c1331884
_d1331884